Statystyki dla Przetłumacz na język Angielski (3)

Kliknij tutaj aby rozwiązać quiz!

Ogólne statystyki

  • Ten quiz został rozwiązany 71 razy
    (70 od ostatniego zresetowania)
  • Średni wynik to 5 z 10

Statystyki odpowiedzi

PolskiAngielski% Poprawnych
kośćbone
88%
lampalamp
87%
niebosky
87%
pudłobox
73%
szafawardrobe
70%
kabelcabel
48%
kominchimney
40%
wieszakhanger
27%
napiswriting
15%
roleta
roller blind
7%

Rozkład punktacji

Percentyl według liczby udzielonych odpowiedzi

Procent ludzi z każdym wynikiem

Twoja historia wyników

Nie rozwiązałeś tego quizu od ostatniego zresetowania